NLSUI OPAC header image

A better India, a better world / (Record no. 25885)

MARC details
000 -LEADER
fixed length control field 00822cam a2200181 a 4500
005 - DATE AND TIME OF LATEST TRANSACTION
control field 20260429043747.0
008 - FIXED-LENGTH DATA ELEMENTS--GENERAL INFORMATION
fixed length control field 090429s2009 ii 000 0 eng d
020 ## - INTERNATIONAL STANDARD BOOK NUMBER
International Standard Book Number 9780670082834 (hbk.)
082 04 - DEWEY DECIMAL CLASSIFICATION NUMBER
Classification number 330.954 MUR
100 1# - MAIN ENTRY--PERSONAL NAME
Personal name Narayana Murthy, N. R.
245 12 - TITLE STATEMENT
Title A better India, a better world /
Statement of responsibility, etc. N.R. Narayana Murthy.
260 ## - PUBLICATION, DISTRIBUTION, ETC.
Place of publication, distribution, etc. New Delhi, India :
Name of publisher, distributor, etc. Allen Lane,
Date of publication, distribution, etc. 2009.
300 ## - PHYSICAL DESCRIPTION
Extent xxviii, 290 p. ;
Dimensions 24 cm.
505 0# - Contents
Contents pt. 1. Address to students -- pt. 2. Values -- pt. 3. Important national issues -- pt. 4. Education -- pt. 5. Leadership challenges -- pt. 6. Corporate and public governance -- pt. 7. Corporate social responsibility and philanthropy -- pt. 8. Entrepreneurship -- pt. 9. Globalization -- pt. 10. Infosys.
650 #0 - SUBJECT ADDED ENTRY--TOPICAL TERM
Topical term or geographic name entry element Business ethics
650 #0 - SUBJECT ADDED ENTRY--TOPICAL TERM
Topical term or geographic name entry element Corporate governance
942 ## - ADDED ENTRY ELEMENTS (KOHA)
Source of classification or shelving scheme Dewey Decimal Classification
Koha item type BOOKs
Holdings
Withdrawn status Lost status Damaged status Not for loan Home library Current library Shelving location Date acquired Cost, normal purchase price Total Checkouts Full call number Barcode Date last seen Price effective from Koha item type
        NLS NLS   30/05/2017 490.00   330.954 MUR 23397 30/05/2017 30/05/2017 BOOKs
      Not For Loan NLS NLS NAB Compactor 30/05/2017 299.00   330.954 MUR 24542 30/05/2017 30/05/2017 BOOKs